Software Open Access
Creutzburg, Sascha;
Rustamov, Jeyhun;
Bornschein, Jens;
Ganeva, Marina;
Gerlach, Alexander;
Häusler, Stefan;
Helm, Bernd;
Hinderhofer, Alexander;
Juzak, Robert;
Koutsioumpas, Alexandros;
Munteanu, Valentin;
Pandit, Vedhas;
Schreiber, Frank;
Mothes, Nico;
Kelling, Jeffrey
<?xml version='1.0' encoding='UTF-8'?>
<record xmlns="http://www.loc.gov/MARC21/slim">
<leader>00000nmm##2200000uu#4500</leader>
<controlfield tag="005">20260701070514.0</controlfield>
<datafield tag="700" ind1=" " ind2=" ">
<subfield code="a">Rustamov, Jeyhun</subfield>
<subfield code="u">Helmholtz-Zentrum Dresden-Rossendorf, Dresden, Germany</subfield>
<subfield code="0">(orcid)0000-0002-4803-2461</subfield>
</datafield>
<datafield tag="700" ind1=" " ind2=" ">
<subfield code="a">Bornschein, Jens</subfield>
<subfield code="u">Helm & Walter IT-Solutions GmbH, Dresden, Germany</subfield>
</datafield>
<datafield tag="700" ind1=" " ind2=" ">
<subfield code="a">Ganeva, Marina</subfield>
<subfield code="u">Jülich Centre for Neutron Science (JCNS) at Heinz Maier-Leibnitz Zentrum (MLZ), Forschungszentrum Jülich GmbH, Jülich, Germany</subfield>
<subfield code="0">(orcid)0000-0001-7624-101X</subfield>
</datafield>
<datafield tag="700" ind1=" " ind2=" ">
<subfield code="a">Gerlach, Alexander</subfield>
<subfield code="u">Universität Tübingen, Tübingen, Germany</subfield>
<subfield code="0">(orcid)0000-0001-6794-5349</subfield>
</datafield>
<datafield tag="700" ind1=" " ind2=" ">
<subfield code="a">Häusler, Stefan</subfield>
<subfield code="u">Jülich Centre for Neutron Science (JCNS) at Heinz Maier-Leibnitz Zentrum (MLZ), Forschungszentrum Jülich GmbH, Jülich, Germany</subfield>
<subfield code="0">(orcid)0000-0003-0772-8662</subfield>
</datafield>
<datafield tag="700" ind1=" " ind2=" ">
<subfield code="a">Helm, Bernd</subfield>
<subfield code="u">Helm & Walter IT-Solutions GmbH, Dresden, Germany</subfield>
</datafield>
<datafield tag="700" ind1=" " ind2=" ">
<subfield code="a">Hinderhofer, Alexander</subfield>
<subfield code="u">Universität Tübingen, Tübingen, Germany</subfield>
<subfield code="0">(orcid)0000-0001-8152-6386</subfield>
</datafield>
<datafield tag="700" ind1=" " ind2=" ">
<subfield code="a">Juzak, Robert</subfield>
<subfield code="u">Helm & Walter IT-Solutions GmbH, Dresden, Germany</subfield>
</datafield>
<datafield tag="700" ind1=" " ind2=" ">
<subfield code="a">Koutsioumpas, Alexandros</subfield>
<subfield code="u">Jülich Centre for Neutron Science (JCNS) at Heinz Maier-Leibnitz Zentrum (MLZ), Forschungszentrum Jülich GmbH, Jülich, Germany</subfield>
<subfield code="0">(orcid)0000-0001-9417-5108</subfield>
</datafield>
<datafield tag="700" ind1=" " ind2=" ">
<subfield code="a">Munteanu, Valentin</subfield>
<subfield code="u">Universität Tübingen, Tübingen, Germany</subfield>
<subfield code="0">(orcid)0000-0002-5897-3863</subfield>
</datafield>
<datafield tag="700" ind1=" " ind2=" ">
<subfield code="a">Pandit, Vedhas</subfield>
<subfield code="u">Helmholtz-Zentrum Dresden-Rossendorf, Dresden, Germany</subfield>
<subfield code="0">(orcid)0000-0002-1983-8140</subfield>
</datafield>
<datafield tag="700" ind1=" " ind2=" ">
<subfield code="a">Schreiber, Frank</subfield>
<subfield code="u">Universität Tübingen, Tübingen, Germany</subfield>
<subfield code="0">(orcid)0000-0003-3659-6718</subfield>
</datafield>
<datafield tag="700" ind1=" " ind2=" ">
<subfield code="a">Mothes, Nico</subfield>
<subfield code="u">Helm & Walter IT-Solutions GmbH, Dresden, Germany</subfield>
</datafield>
<datafield tag="700" ind1=" " ind2=" ">
<subfield code="a">Kelling, Jeffrey</subfield>
<subfield code="u">Helmholtz-Zentrum Dresden-Rossendorf, Dresden, Germany</subfield>
<subfield code="0">(orcid)0000-0003-1761-2591</subfield>
</datafield>
<datafield tag="980" ind1=" " ind2=" ">
<subfield code="a">software</subfield>
</datafield>
<datafield tag="650" ind1="1" ind2="7">
<subfield code="a">cc-by</subfield>
<subfield code="2">opendefinition.org</subfield>
</datafield>
<datafield tag="542" ind1=" " ind2=" ">
<subfield code="l">open</subfield>
</datafield>
<datafield tag="773" ind1=" " ind2=" ">
<subfield code="a">10.14278/rodare.4504</subfield>
<subfield code="i">isSupplementedBy</subfield>
<subfield code="n">doi</subfield>
</datafield>
<datafield tag="773" ind1=" " ind2=" ">
<subfield code="a">10.57967/hf/8498</subfield>
<subfield code="i">isSupplementedBy</subfield>
<subfield code="n">doi</subfield>
</datafield>
<datafield tag="773" ind1=" " ind2=" ">
<subfield code="a">https://www.hzdr.de/publications/Publ-43563</subfield>
<subfield code="i">isIdenticalTo</subfield>
<subfield code="n">url</subfield>
</datafield>
<datafield tag="773" ind1=" " ind2=" ">
<subfield code="a">10.14278/rodare.4632</subfield>
<subfield code="i">isVersionOf</subfield>
<subfield code="n">doi</subfield>
</datafield>
<datafield tag="856" ind1="4" ind2=" ">
<subfield code="s">25612072</subfield>
<subfield code="u">https://rodare.hzdr.de/record/4633/files/vipr_demonstrator.tgz</subfield>
<subfield code="z">md5:0de122b993300b5e22476e34c7a1370b</subfield>
</datafield>
<datafield tag="260" ind1=" " ind2=" ">
<subfield code="c">2026-04-29</subfield>
</datafield>
<controlfield tag="001">4633</controlfield>
<datafield tag="980" ind1=" " ind2=" ">
<subfield code="a">user-matter</subfield>
</datafield>
<datafield tag="980" ind1=" " ind2=" ">
<subfield code="a">user-rodare</subfield>
</datafield>
<datafield tag="653" ind1=" " ind2=" ">
<subfield code="a">Ill-posed Inverse Problems</subfield>
</datafield>
<datafield tag="653" ind1=" " ind2=" ">
<subfield code="a">Reflectometry</subfield>
</datafield>
<datafield tag="653" ind1=" " ind2=" ">
<subfield code="a">Machine Learning</subfield>
</datafield>
<datafield tag="245" ind1=" " ind2=" ">
<subfield code="a">VIPR (Versatile Inverse Problem Software Framework) unified demonstrator</subfield>
</datafield>
<datafield tag="909" ind1="C" ind2="O">
<subfield code="o">oai:rodare.hzdr.de:4633</subfield>
<subfield code="p">software</subfield>
<subfield code="p">user-rodare</subfield>
<subfield code="p">user-matter</subfield>
</datafield>
<datafield tag="540" ind1=" " ind2=" ">
<subfield code="u">https://opensource.org/licenses/LGPL-3.0</subfield>
<subfield code="a">GNU Lesser General Public License v3.0 or later</subfield>
</datafield>
<datafield tag="100" ind1=" " ind2=" ">
<subfield code="a">Creutzburg, Sascha</subfield>
<subfield code="u">Helm & Walter IT-Solutions GmbH, Dresden, Germany</subfield>
<subfield code="0">(orcid)0000-0002-4391-4270</subfield>
</datafield>
<datafield tag="520" ind1=" " ind2=" ">
<subfield code="a"><p>VIPR (Versatile Inverse Problem Software Framework) is a plugin-based framework for reproducible machine-learning-driven solutions to scientific inverse problems. It addresses ill-posed reconstruction tasks caused by loss of phase information during measurement, where direct inversion is not possible. It implements a modular architecture with domain-specific plugins to produce configurable machine learning workflows, including both deterministic and probabilistic models. Workflows are defined via declarative YAML configurations and can be executed through a command-line interface or a containerized web application. For a given experimental dataset, VIPR produces standardized analysis artifacts, including visualizations and statistical summaries.</p></subfield>
</datafield>
<datafield tag="024" ind1=" " ind2=" ">
<subfield code="a">10.14278/rodare.4633</subfield>
<subfield code="2">doi</subfield>
</datafield>
</record>
| All versions | This version | |
|---|---|---|
| Views | 6 | 6 |
| Downloads | 0 | 0 |
| Data volume | 0 Bytes | 0 Bytes |
| Unique views | 4 | 4 |
| Unique downloads | 0 | 0 |